000 00678nac a22001811u 4500
010 _a 93046759
020 _a0077079744 :
082 0 0 _a670.285
_bT625
090 _c4536
_d4536
100 _aTizzard, Andrew,
245 1 3 _aAn introduction to computer-aided engineering /
_cAndrew Tizzard.
260 _aLondon ;
_aNew York :
_bMcGraw-Hill,
_cc1994.
300 _axvi, 293 p. :
_bill. ;
_c23 cm.
504 _aIncludes bibliographical references and index.
650 0 _aComputer-aided engineering.
942 _cBB
_k670.285T625
999 _c4536
_d4536